| 000 | 01285nac a22003251i 4500 | ||
|---|---|---|---|
| 003 | EG-ScBUE | ||
| 005 | 20240627105952.0 | ||
| 008 | 240627s1992 enka f b 001 0 eng d | ||
| 020 | _a0946621179 | ||
| 040 |
_aEG-ScBUE _beng _erda _cEG-ScBUE _dEG-ScBUE |
||
| 043 | _af-mr--- | ||
| 082 | 0 | 4 |
_a964.3 _bBUR _222 |
| 100 | 1 |
_aBurckhardt, Titus, _eauthor. |
|
| 240 | 1 | 0 |
_aفاس. _lEnglish |
| 245 | 1 | 0 |
_aFez : _bcity of Islam / _cTitus Burckhardt ; translated from the German by William Stoddart. |
| 250 | _aFirst English edition. | ||
| 264 | 1 |
_aCambridge, UK : _bThe Islamic Texts Society, _c1992. |
|
| 300 |
_a175 pages : _billustrations (some color) ; _c26 cm |
||
| 336 |
_2rdacontent _atext _btxt |
||
| 337 |
_aunmediated _2rdamedia _bn |
||
| 338 |
_avolume _bnc _2rdacarrier |
||
| 504 | _aIncludes bibliographical references and index. | ||
| 546 | _aText in English ; translated from the original Arabic. | ||
| 651 | 7 |
_aFès (Morocco) _xDescription and travel. _2BUEsh |
|
| 655 | _vReading book | ||
| 700 | 1 |
_aStoddart, William, _etranslator. |
|
| 856 | 4 | 2 |
_3Publisher description _uhttp://www.loc.gov/catdir/enhancements/fy0609/92243191-d.html |
| 856 | 4 | 2 |
_3Table of contents only _uhttp://www.loc.gov/catdir/enhancements/fy0609/92243191-t.html |
| 942 |
_cBB _2ddc |
||
| 999 |
_c8438 _d8438 |
||